[Event "DVM U16w 2024"]
[Site "Neumünster GER"]
[Date "2024.12.28"]
[Round "3"]
[White "Wu, Zixuan Anja"]
[Black "Yan, Jenny"]
[Result "0-1"]
[Termination "normal"]
[Board "8.4"]
[WhiteElo "1089"]
[BlackElo "1501"]
[WhiteClock "00:21:11"]
[BlackClock "00:42:42"]
[WhiteTeam "SG Leipzig"]
[BlackTeam "Hamburger SK 1830"]
[PlyCount "64"]
[WhiteFideId "34639934"]
[BlackFideId "34630376"]
[EventCountry "GER"]
[EventRounds "7"]
[EventType "team-swiss"]
[EventDate "2024.12.26"]

1. b4 {[%clk 01:30:56]} {[%emt 00:00:03]} e5 {[%clk 01:30:35]} {[%emt
00:00:26]} 2. Bb2 {[%clk 01:31:19]} {[%emt 00:00:07]} Bxb4 {[%clk 01:30:21]}
{[%emt 00:00:45]} 3. Bxe5 {[%clk 01:31:42]} {[%emt 00:00:07]} Nf6 {[%clk
01:30:27]} {[%emt 00:00:24]} 4. c4 {[%clk 01:31:53]} {[%emt 00:00:18]} Nc6
{[%clk 01:29:48]} {[%emt 00:01:10]} 5. Bb2 {[%clk 01:32:17]} {[%emt 00:00:06]}
d6 {[%clk 01:29:21]} {[%emt 00:00:58]} 6. Nf3 {[%clk 01:32:09]} {[%emt
00:00:37]} O-O {[%clk 01:28:28]} {[%emt 00:01:24]} 7. e3 {[%clk 01:32:19]}
{[%emt 00:00:19]} Bg4 {[%clk 01:27:48]} {[%emt 00:01:09]} 8. Be2 {[%clk
01:32:30]} {[%emt 00:00:19]} Re8 {[%clk 01:24:33]} {[%emt 00:03:46]} 9. O-O
{[%clk 01:32:07]} {[%emt 00:00:52]} h6 {[%clk 01:22:39]} {[%emt 00:02:24]} 10.
d3 {[%clk 01:30:46]} {[%emt 00:01:52]} d5 {[%clk 01:16:21]} {[%emt 00:06:49]}
11. cxd5 {[%clk 01:28:53]} {[%emt 00:02:23]} Nxd5 {[%clk 01:16:03]} {[%emt
00:00:47]} 12. Nbd2 {[%clk 01:27:09]} {[%emt 00:02:14]} Nce7 {[%clk 01:12:27]}
{[%emt 00:04:07]} 13. Nc4 {[%clk 01:24:38]} {[%emt 00:02:58]} Ng6 {[%clk
01:10:10]} {[%emt 00:02:49]} 14. h3 {[%clk 01:22:59]} {[%emt 00:02:08]} Be6
{[%clk 01:06:49]} {[%emt 00:03:52]} 15. Nfe5 {[%clk 01:14:16]} {[%emt
00:09:05]} Qg5 {[%clk 01:01:17]} {[%emt 00:06:10]} 16. Nf3 {[%clk 01:02:53]}
{[%emt 00:11:51]} Qe7 {[%clk 00:59:53]} {[%emt 00:01:55]} 17. Ne1 {[%clk
00:58:34]} {[%emt 00:04:49]} Bxe1 {[%clk 00:56:57]} {[%emt 00:03:27]} 18. Rxe1
{[%clk 00:57:34]} {[%emt 00:01:30]} Rad8 {[%clk 00:55:25]} {[%emt 00:02:01]}
19. Bf3 {[%clk 00:55:47]} {[%emt 00:02:16]} Nb4 {[%clk 00:53:21]} {[%emt
00:02:35]} 20. Bd4 {[%clk 00:50:20]} {[%emt 00:05:56]} c5 {[%clk 00:52:20]}
{[%emt 00:01:33]} 21. a3 {[%clk 00:46:35]} {[%emt 00:04:14]} Nc6 {[%clk
00:50:07]} {[%emt 00:02:44]} 22. Qa4 {[%clk 00:36:36]} {[%emt 00:10:22]} cxd4
{[%clk 00:49:54]} {[%emt 00:00:50]} 23. exd4 {[%clk 00:35:56]} {[%emt
00:01:10]} Nxd4 {[%clk 00:49:58]} {[%emt 00:00:26]} 24. Bg4 {[%clk 00:30:26]}
{[%emt 00:05:59]} Qd7 {[%clk 00:47:50]} {[%emt 00:02:35]} 25. Qxa7 {[%clk
00:29:06]} {[%emt 00:01:54]} Nc2 {[%clk 00:45:44]} {[%emt 00:02:35]} 26. Nb6
{[%clk 00:27:04]} {[%emt 00:02:33]} Qd4 {[%clk 00:43:05]} {[%emt 00:03:08]} 27.
Rad1 {[%clk 00:22:13]} {[%emt 00:05:22]} Nxe1 {[%clk 00:42:34]} {[%emt
00:01:02]} 28. Rxe1 {[%clk 00:22:07]} {[%emt 00:00:35]} Bxg4 {[%clk 00:41:49]}
{[%emt 00:01:14]} 29. Rxe8+ {[%clk 00:21:30]} {[%emt 00:01:08]} Rxe8 {[%clk
00:42:12]} {[%emt 00:00:08]} 30. hxg4 {[%clk 00:21:46]} {[%emt 00:00:13]} Re1+
{[%clk 00:42:25]} {[%emt 00:00:17]} 31. Kh2 {[%clk 00:21:47]} {[%emt 00:00:29]}
Qf4+ {[%clk 00:42:42]} {[%emt 00:00:14]} 32. Kh3 {[%clk 00:21:11]} {[%emt
00:01:05]} Rh1# {[%emt 00:00:27]} 0-1

[Event "DVM U16w 2024"]
[Site "Neumünster GER"]
[Date "2024.12.28"]
[Round "3"]
[White "Fetahovic, Sarah"]
[Black "Wang, Enya Marie"]
[Result "0-1"]
[Termination "normal"]
[Board "9.1"]
[WhiteElo "1739"]
[BlackElo "1757"]
[WhiteClock "00:01:04"]
[BlackClock "01:15:46"]
[WhiteTeam "SG Solingen"]
[BlackTeam "SV Nürtingen 1920"]
[PlyCount "96"]
[WhiteFideId "34601546"]
[BlackFideId "34660330"]
[EventCountry "GER"]
[EventRounds "7"]
[EventType "team-swiss"]
[EventDate "2024.12.26"]

1. e4 {[%clk 01:30:55]} {[%emt 00:00:04]} e5 {[%clk 01:30:54]} {[%emt
00:00:07]} 2. Nf3 {[%clk 01:31:18]} {[%emt 00:00:06]} Nc6 {[%clk 01:31:20]}
{[%emt 00:00:05]} 3. Bc4 {[%clk 01:31:35]} {[%emt 00:00:13]} Nf6 {[%clk
01:31:42]} {[%emt 00:00:09]} 4. d4 {[%clk 01:31:53]} {[%emt 00:00:11]} exd4
{[%clk 01:31:49]} {[%emt 00:00:23]} 5. e5 {[%clk 01:32:10]} {[%emt 00:00:13]}
d5 {[%clk 01:31:43]} {[%emt 00:00:36]} 6. Bb5 {[%clk 01:32:25]} {[%emt
00:00:15]} Ne4 {[%clk 01:32:00]} {[%emt 00:00:13]} 7. Nxd4 {[%clk 01:32:46]}
{[%emt 00:00:10]} Bc5 {[%clk 01:32:07]} {[%emt 00:00:23]} 8. Bxc6+ {[%clk
01:28:25]} {[%emt 00:04:50]} bxc6 {[%clk 01:32:30]} {[%emt 00:00:08]} 9. Be3
{[%clk 01:24:48]} {[%emt 00:04:06]} Ba6 {[%clk 01:26:29]} {[%emt 00:06:32]} 10.
Nd2 {[%clk 00:55:59]} {[%emt 00:29:19]} Nxd2 {[%clk 01:19:35]} {[%emt
00:07:23]} 11. Qxd2 {[%clk 00:55:57]} {[%emt 00:00:32]} Qd7 {[%clk 01:18:48]}
{[%emt 00:01:17]} 12. Qa5 {[%clk 00:45:54]} {[%emt 00:10:35]} Bxd4 {[%clk
01:16:13]} {[%emt 00:03:05]} 13. Bxd4 {[%clk 00:46:14]} {[%emt 00:00:10]} Bb5
{[%clk 01:15:13]} {[%emt 00:01:25]} 14. O-O-O {[%clk 00:30:58]} {[%emt
00:15:50]} O-O {[%clk 01:09:39]} {[%emt 00:06:05]} 15. Rhe1 {[%clk 00:26:32]}
{[%emt 00:04:55]} Qe7 {[%clk 01:08:11]} {[%emt 00:01:54]} 16. a4 {[%clk
00:23:01]} {[%emt 00:04:07]} c5 {[%clk 01:05:44]} {[%emt 00:02:56]} 17. Qxb5
{[%clk 00:22:45]} {[%emt 00:00:46]} cxd4 {[%clk 01:05:38]} {[%emt 00:00:36]}
18. Qxd5 {[%clk 00:10:09]} {[%emt 00:13:07]} Rad8 {[%clk 01:03:20]} {[%emt
00:02:47]} 19. Qe4 {[%clk 00:10:09]} {[%emt 00:00:29]} Rfe8 {[%clk 01:03:06]}
{[%emt 00:00:44]} 20. Rxd4 {[%clk 00:03:59]} {[%emt 00:06:42]} Rxd4 {[%clk
01:02:03]} {[%emt 00:01:33]} 21. Qxd4 {[%clk 00:04:24]} {[%emt 00:00:05]} Qg5+
{[%clk 01:02:06]} {[%emt 00:00:26]} 22. f4 {[%clk 00:01:02]} {[%emt 00:03:52]}
Qxg2 {[%clk 01:00:21]} {[%emt 00:02:15]} 23. Qd7 {[%clk 00:01:07]} {[%emt
00:00:25]} Kf8 {[%clk 00:56:04]} {[%emt 00:04:48]} 24. Qxc7 {[%clk 00:00:53]}
{[%emt 00:00:43]} Qxh2 {[%clk 00:55:55]} {[%emt 00:00:38]} 25. Qd6+ {[%clk
00:00:45]} {[%emt 00:00:38]} Kg8 {[%clk 00:55:46]} {[%emt 00:00:39]} 26. Qd2
{[%clk 00:01:04]} {[%emt 00:00:11]} Qxd2+ {[%clk 00:54:53]} {[%emt 00:01:24]}
27. Kxd2 {[%clk 00:01:30]} {[%emt 00:00:04]} Rb8 {[%clk 00:54:23]} {[%emt
00:00:59]} 28. Rb1 {[%clk 00:01:17]} {[%emt 00:00:42]} Rb4 {[%clk 00:54:37]}
{[%emt 00:00:17]} 29. Kd3 {[%clk 00:00:38]} {[%emt 00:01:10]} Rxf4 {[%clk
00:53:47]} {[%emt 00:01:20]} 30. c4 {[%clk 00:01:01]} {[%emt 00:00:07]} Kf8
{[%clk 00:52:57]} {[%emt 00:01:20]} 31. Rc1 {[%clk 00:01:06]} {[%emt 00:00:25]}
a5 {[%clk 00:52:54]} {[%emt 00:00:34]} 32. Ke3 {[%clk 00:00:34]} {[%emt
00:01:02]} g5 {[%clk 00:52:25]} {[%emt 00:00:58]} 33. b3 {[%clk 00:00:32]}
{[%emt 00:00:33]} Rh4 {[%clk 00:52:05]} {[%emt 00:00:50]} 34. Rb1 {[%clk
00:00:38]} {[%emt 00:00:23]} Ke7 {[%clk 00:52:12]} {[%emt 00:00:24]} 35. Kd3
{[%clk 00:00:36]} {[%emt 00:00:33]} Ke6 {[%clk 00:51:53]} {[%emt 00:00:49]} 36.
Re1 {[%clk 00:00:34]} {[%emt 00:00:32]} Rh3+ {[%clk 00:52:10]} {[%emt
00:00:13]} 37. Kc2 {[%clk 00:00:32]} {[%emt 00:00:32]} g4 {[%clk 00:49:43]}
{[%emt 00:02:57]} 38. Rg1 {[%clk 00:00:31]} {[%emt 00:00:30]} g3 {[%clk
00:49:56]} {[%emt 00:00:18]} 39. Kd3 {[%clk 00:00:32]} {[%emt 00:00:30]} h5
{[%clk 00:49:24]} {[%emt 00:01:01]} 40. Kd4 {[%clk 00:00:33]} {[%emt 00:00:29]}
h4 {[%clk 00:47:34]} {[%emt 00:02:20]} 41. Kc5 {[%clk 00:05:53]} {[%emt
00:25:10]} Rh2 {[%clk 01:14:28]} {[%emt 00:03:36]} 42. b4 {[%clk 00:05:01]}
{[%emt 00:01:22]} axb4 {[%clk 01:14:48]} {[%emt 00:00:10]} 43. a5 {[%clk
00:03:29]} {[%emt 00:02:02]} Ra2 {[%clk 01:14:29]} {[%emt 00:00:49]} 44. Kb6
{[%clk 00:02:51]} {[%emt 00:01:09]} g2 {[%clk 01:14:41]} {[%emt 00:00:18]} 45.
Rxg2 {[%clk 00:00:36]} {[%emt 00:02:45]} Rxg2 {[%clk 01:14:54]} {[%emt
00:00:17]} 46. c5 {[%clk 00:00:40]} {[%emt 00:00:26]} h3 {[%clk 01:15:01]}
{[%emt 00:00:23]} 47. c6 {[%clk 00:00:53]} {[%emt 00:00:17]} h2 {[%clk
01:15:21]} {[%emt 00:00:10]} 48. c7 {[%clk 00:01:04]} {[%emt 00:00:19]} Rc2
{[%clk 01:15:46]} {[%emt 00:00:05]} 0-1

[Event "DVM U16w 2024"]
[Site "Neumünster GER"]
[Date "2024.12.28"]
[Round "3"]
[White "Gold, Finnja"]
[Black "Dhanasekaran Meenambigai, Diya"]
[Result "1/2-1/2"]
[Termination "normal"]
[Board "9.2"]
[WhiteElo "1657"]
[BlackElo "1568"]
[WhiteClock "00:23:48"]
[BlackClock "00:02:32"]
[WhiteTeam "SV Nürtingen 1920"]
[BlackTeam "SG Solingen"]
[PlyCount "79"]
[WhiteFideId "34660453"]
[BlackFideId "34611924"]
[EventCountry "GER"]
[EventRounds "7"]
[EventType "team-swiss"]
[EventDate "2024.12.26"]

1. e4 {[%clk 01:30:58]} {[%emt 00:00:02]} c6 {[%clk 01:30:54]} {[%emt
00:00:06]} 2. c4 {[%clk 01:31:23]} {[%emt 00:00:05]} d5 {[%clk 01:31:18]}
{[%emt 00:00:06]} 3. cxd5 {[%clk 01:31:47]} {[%emt 00:00:06]} cxd5 {[%clk
01:31:41]} {[%emt 00:00:07]} 4. exd5 {[%clk 01:32:12]} {[%emt 00:00:05]} Nf6
{[%clk 01:32:03]} {[%emt 00:00:08]} 5. Bb5+ {[%clk 01:32:35]} {[%emt 00:00:07]}
Nbd7 {[%clk 01:32:24]} {[%emt 00:00:09]} 6. Nc3 {[%clk 01:32:43]} {[%emt
00:00:22]} a6 {[%clk 01:32:32]} {[%emt 00:00:22]} 7. Be2 {[%clk 01:31:54]}
{[%emt 00:01:18]} g6 {[%clk 01:32:40]} {[%emt 00:00:22]} 8. Bf3 {[%clk
01:31:25]} {[%emt 00:01:00]} Bg7 {[%clk 01:32:24]} {[%emt 00:00:46]} 9. Nge2
{[%clk 01:31:40]} {[%emt 00:00:15]} Nb6 {[%clk 01:32:11]} {[%emt 00:00:43]} 10.
Qb3 {[%clk 01:31:45]} {[%emt 00:00:25]} O-O {[%clk 01:31:41]} {[%emt 00:00:59]}
11. O-O {[%clk 01:31:39]} {[%emt 00:00:38]} Qd6 {[%clk 01:19:19]} {[%emt
00:12:51]} 12. d3 {[%clk 01:20:45]} {[%emt 00:11:24]} Bg4 {[%clk 00:56:51]}
{[%emt 00:22:57]} 13. Ne4 {[%clk 01:10:44]} {[%emt 00:10:30]} Nxe4 {[%clk
00:53:55]} {[%emt 00:03:27]} 14. dxe4 {[%clk 01:11:02]} {[%emt 00:00:12]} Bxf3
{[%clk 00:51:53]} {[%emt 00:02:32]} 15. Qxf3 {[%clk 01:11:17]} {[%emt
00:00:15]} Nc4 {[%clk 00:50:54]} {[%emt 00:01:28]} 16. Qb3 {[%clk 01:07:29]}
{[%emt 00:04:06]} b5 {[%clk 00:49:42]} {[%emt 00:01:55]} 17. Rb1 {[%clk
01:05:51]} {[%emt 00:02:07]} Rfc8 {[%clk 00:45:43]} {[%emt 00:04:29]} 18. Be3
{[%clk 01:04:27]} {[%emt 00:01:46]} Qe5 {[%clk 00:37:34]} {[%emt 00:08:46]} 19.
f3 {[%clk 00:59:34]} {[%emt 00:05:25]} Qd6 {[%clk 00:28:59]} {[%emt 00:09:05]}
20. Rfd1 {[%clk 00:57:55]} {[%emt 00:01:34]} Nxe3 {[%clk 00:18:25]} {[%emt
00:11:39]} 21. Qxe3 {[%clk 00:57:52]} {[%emt 00:00:32]} Rc2 {[%clk 00:14:17]}
{[%emt 00:04:38]} 22. Nd4 {[%clk 00:56:48]} {[%emt 00:01:26]} Bxd4 {[%clk
00:10:23]} {[%emt 00:04:33]} 23. Qxd4 {[%clk 00:56:45]} {[%emt 00:00:33]} Rac8
{[%clk 00:09:18]} {[%emt 00:01:34]} 24. e5 {[%clk 00:54:17]} {[%emt 00:02:58]}
Qd8 {[%clk 00:04:52]} {[%emt 00:04:55]} 25. Qa7 {[%clk 00:49:32]} {[%emt
00:05:15]} e6 {[%clk 00:01:08]} {[%emt 00:04:15]} 26. dxe6 {[%clk 00:46:36]}
{[%emt 00:03:26]} Qf8 {[%clk 00:01:17]} {[%emt 00:00:20]} 27. exf7+ {[%clk
00:44:38]} {[%emt 00:02:30]} Qxf7 {[%clk 00:01:31]} {[%emt 00:00:15]} 28. Qxf7+
{[%clk 00:44:44]} {[%emt 00:00:24]} Kxf7 {[%clk 00:01:53]} {[%emt 00:00:08]}
29. f4 {[%clk 00:44:23]} {[%emt 00:00:52]} R8c4 {[%clk 00:01:40]} {[%emt
00:00:41]} 30. g3 {[%clk 00:44:00]} {[%emt 00:00:54]} h5 {[%clk 00:01:30]}
{[%emt 00:00:39]} 31. Rd6 {[%clk 00:43:29]} {[%emt 00:01:01]} Re2 {[%clk
00:01:15]} {[%emt 00:00:46]} 32. Kf1 {[%clk 00:40:55]} {[%emt 00:02:52]} Rcc2
{[%clk 00:01:29]} {[%emt 00:00:26]} 33. Rc1 {[%clk 00:35:18]} {[%emt 00:05:53]}
Rxb2 {[%clk 00:00:48]} {[%emt 00:01:27]} 34. Rc7+ {[%clk 00:35:14]} {[%emt
00:00:34]} Ke8 {[%clk 00:01:08]} {[%emt 00:00:10]} 35. Rcd7 {[%clk 00:24:55]}
{[%emt 00:10:49]} Rxh2 {[%clk 00:00:52]} {[%emt 00:00:46]} 36. Kg1 {[%clk
00:24:11]} {[%emt 00:01:15]} Rhg2+ {[%clk 00:01:15]} {[%emt 00:00:06]} 37. Kf1
{[%clk 00:24:17]} {[%emt 00:00:24]} Rh2 {[%clk 00:01:41]} {[%emt 00:00:04]} 38.
Kg1 {[%clk 00:23:31]} {[%emt 00:01:17]} Rhg2+ {[%clk 00:02:07]} {[%emt
00:00:04]} 39. Kh1 {[%clk 00:23:48]} {[%emt 00:00:12]} Rh2+ {[%clk 00:02:32]}
{[%emt 00:00:05]} 40. Kg1 {[%emt 00:00:50]} 1/2-1/2

[Event "DVM U16w 2024"]
[Site "Neumünster GER"]
[Date "2024.12.28"]
[Round "3"]
[White "Christiansen, Jana-Marie"]
[Black "Kasten, Luna Seraphine"]
[Result "1-0"]
[Termination "normal"]
[Board "10.1"]
[WhiteElo "1602"]
[BlackElo "1203"]
[WhiteClock "00:14:28"]
[BlackClock "00:42:36"]
[WhiteTeam "SC Agon Neumünster"]
[BlackTeam "SV Eintracht Tangerhütte"]
[PlyCount "75"]
[WhiteFideId "16295820"]
[BlackFideId "34681639"]
[EventCountry "GER"]
[EventRounds "7"]
[EventType "team-swiss"]
[EventDate "2024.12.26"]

1. c4 {[%clk 01:30:58]} {[%emt 00:00:02]} f5 {[%clk 01:30:54]} {[%emt
00:00:07]} 2. g3 {[%clk 01:31:19]} {[%emt 00:00:08]} e5 {[%clk 01:31:17]}
{[%emt 00:00:07]} 3. Bg2 {[%clk 01:31:22]} {[%emt 00:00:26]} Nf6 {[%clk
01:31:20]} {[%emt 00:00:27]} 4. Nc3 {[%clk 01:31:23]} {[%emt 00:00:29]} Bb4
{[%clk 01:31:44]} {[%emt 00:00:06]} 5. e3 {[%clk 01:31:31]} {[%emt 00:00:22]}
Bxc3 {[%clk 01:32:02]} {[%emt 00:00:11]} 6. bxc3 {[%clk 01:31:55]} {[%emt
00:00:08]} d6 {[%clk 01:32:18]} {[%emt 00:00:14]} 7. Rb1 {[%clk 01:29:44]}
{[%emt 00:02:40]} Nc6 {[%clk 01:32:15]} {[%emt 00:00:32]} 8. d4 {[%clk
01:25:34]} {[%emt 00:04:39]} e4 {[%clk 01:32:07]} {[%emt 00:00:38]} 9. Ba3
{[%clk 01:22:16]} {[%emt 00:03:49]} Bd7 {[%clk 01:31:40]} {[%emt 00:00:52]} 10.
Rxb7 {[%clk 01:17:32]} {[%emt 00:05:19]} Qc8 {[%clk 01:31:52]} {[%emt
00:00:17]} 11. Rb1 {[%clk 01:14:28]} {[%emt 00:03:34]} O-O {[%clk 01:32:04]}
{[%emt 00:00:09]} 12. Ne2 {[%clk 01:11:16]} {[%emt 00:03:50]} Re8 {[%clk
01:30:44]} {[%emt 00:01:49]} 13. Nf4 {[%clk 01:08:53]} {[%emt 00:02:54]} Na5
{[%clk 01:29:17]} {[%emt 00:01:57]} 14. c5 {[%clk 00:58:54]} {[%emt 00:10:29]}
Nc4 {[%clk 01:28:03]} {[%emt 00:01:45]} 15. Bb4 {[%clk 00:56:31]} {[%emt
00:02:53]} Rb8 {[%clk 01:25:49]} {[%emt 00:02:43]} 16. O-O {[%clk 00:52:21]}
{[%emt 00:04:41]} dxc5 {[%clk 01:24:57]} {[%emt 00:01:21]} 17. dxc5 {[%clk
00:51:08]} {[%emt 00:01:44]} Ne5 {[%clk 01:21:52]} {[%emt 00:03:29]} 18. a3
{[%clk 00:42:56]} {[%emt 00:08:47]} Bb5 {[%clk 01:20:27]} {[%emt 00:01:54]} 19.
Re1 {[%clk 00:42:52]} {[%emt 00:00:31]} Rd8 {[%clk 01:19:53]} {[%emt 00:01:01]}
20. Qb3+ {[%clk 00:38:42]} {[%emt 00:04:48]} Bc4 {[%clk 01:17:24]} {[%emt
00:03:00]} 21. Qc2 {[%clk 00:37:34]} {[%emt 00:01:33]} Nd5 {[%clk 01:06:15]}
{[%emt 00:11:43]} 22. Red1 {[%clk 00:33:55]} {[%emt 00:04:08]} Nxf4 {[%clk
01:04:40]} {[%emt 00:02:06]} 23. exf4 {[%clk 00:33:30]} {[%emt 00:00:55]} Rxd1+
{[%clk 01:03:28]} {[%emt 00:01:42]} 24. Rxd1 {[%clk 00:33:09]} {[%emt
00:00:52]} Nf3+ {[%clk 01:03:42]} {[%emt 00:00:16]} 25. Kh1 {[%clk 00:31:12]}
{[%emt 00:02:25]} Qe6 {[%clk 01:02:16]} {[%emt 00:01:44]} 26. Qb2 {[%clk
00:27:15]} {[%emt 00:04:39]} Qh6 {[%clk 00:58:39]} {[%emt 00:04:06]} 27. h3
{[%clk 00:26:12]} {[%emt 00:01:36]} Qc6 {[%clk 00:57:11]} {[%emt 00:01:35]} 28.
Qc2 {[%clk 00:25:16]} {[%emt 00:01:47]} Qe6 {[%clk 00:54:52]} {[%emt 00:02:46]}
29. Rb1 {[%clk 00:22:31]} {[%emt 00:03:21]} Bd3 {[%clk 00:54:38]} {[%emt
00:00:45]} 30. Qb3 {[%clk 00:22:46]} {[%emt 00:00:15]} Bc4 {[%clk 00:54:07]}
{[%emt 00:01:00]} 31. Qd1 {[%clk 00:22:41]} {[%emt 00:00:28]} Qc6 {[%clk
00:50:11]} {[%emt 00:04:34]} 32. Bxf3 {[%clk 00:19:09]} {[%emt 00:04:00]} exf3
{[%clk 00:47:56]} {[%emt 00:02:47]} 33. Qd4 {[%clk 00:15:23]} {[%emt 00:04:15]}
Ba2 {[%clk 00:43:46]} {[%emt 00:04:42]} 34. Re1 {[%clk 00:14:40]} {[%emt
00:01:08]} Qb5 {[%clk 00:42:30]} {[%emt 00:01:48]} 35. Qe3 {[%clk 00:13:41]}
{[%emt 00:01:27]} Re8 {[%clk 00:42:02]} {[%emt 00:01:01]} 36. Qxe8+ {[%clk
00:13:50]} {[%emt 00:00:22]} Qxe8 {[%clk 00:42:11]} {[%emt 00:00:21]} 37. Rxe8+
{[%clk 00:14:13]} {[%emt 00:00:05]} Kf7 {[%clk 00:42:36]} {[%emt 00:00:06]} 38.
Rc8 {[%clk 00:14:28]} {[%emt 00:00:15]} 1-0